000
00278nam a2200109Ia 4500
008
190919s9999||||xx |||||||||||||| ||und||
100
_a
Roma Gill
245
0
_a
Oxford School Shakespeare Julius Caesar
260
_a
Canada
_b
Tata McGraw Hill
_c
2011
300
_a
394
942
_c
BK
999
_c
11480
_d
11480